Lectures and essays
The whole of the lectures and essays contained in this reprint are taken from the edition of professor Huxley's works published in the Eversley series.
Gardado en:
| Autor Principal: | |
|---|---|
| Formato: | Libro |
| Idioma: | Undetermined |
| Publicado: |
London
Macmillan And CO.
1902
|
| Những chủ đề: | |
| Các nhãn: |
Engadir etiqueta
Sen Etiquetas, Sexa o primeiro en etiquetar este rexistro!
|
| Thư viện lưu trữ: | Trung tâm Học liệu Trường Đại học Cần Thơ |
|---|
| LEADER | 00681nam a2200205Ia 4500 | ||
|---|---|---|---|
| 001 | CTU_218516 | ||
| 008 | 210402s9999 xx 000 0 und d | ||
| 082 | |a 500 | ||
| 082 | |b H986 | ||
| 100 | |a Huxley, Thomas Henry | ||
| 245 | 0 | |a Lectures and essays | |
| 245 | 0 | |c Thomas Henry Huxley | |
| 260 | |a London | ||
| 260 | |b Macmillan And CO. | ||
| 260 | |c 1902 | ||
| 520 | |a The whole of the lectures and essays contained in this reprint are taken from the edition of professor Huxley's works published in the Eversley series. | ||
| 650 | |a Khoa học,Science | ||
| 650 | |x Triết lý,Philosophy | ||
| 904 | |i Trúc | ||
| 980 | |a Trung tâm Học liệu Trường Đại học Cần Thơ | ||